000 00232nam a22001097a 4500
082 _a920
_bAPJ/W
100 _aAPJ
245 _aWINGS OF FIRE
246 _aWINGS OF FIRE
_bWINGS OF FIRE
650 _aENGLISH AUTOBIOGRAPHY
942 _cBK
999 _c8867
_d8867